| 000 | 00445nam a2200157Ia 4500 | ||
|---|---|---|---|
| 003 | OSt | ||
| 005 | 20200615095915.0 | ||
| 008 | 190216s9999||||xx |||||||||||||| ||und|| | ||
| 040 | _coclc | ||
| 082 |
_a301.01 _bRIT/S |
||
| 100 |
_aRitzer, George _91865 |
||
| 245 | 0 |
_aSociological Theory / _cGeorge Ritzer |
|
| 260 |
_bMc Graw Hill Irwin, _aUSA: _c2000. |
||
| 300 | _a639p | ||
| 942 |
_cBK _2ddc _h301.01 _iRIT/S _k301.01 _mRIT/S |
||
| 999 |
_c21160 _d21160 |
||